|
|
|
|
| LEADER |
00000nam0a2200000 4500 |
| 001 |
318986 |
| 005 |
20231102003132.0 |
| 035 |
|
|
|a (RuTPU)RU\TPU\book\344491
|
| 090 |
|
|
|a 318986
|
| 100 |
|
|
|a 20160516d1880 m y0rusy50 ca
|
| 101 |
0 |
|
|a rus
|
| 102 |
|
|
|a RU
|
| 105 |
|
|
|a af g 000zy
|
| 200 |
1 |
|
|a Мукомольное производство
|e руководство к постройке водяных, ветряных, паровых и др. рода мельниц
|e с чертежами в тексте, картами и с атласом чертежей
|h Ч. 1
|i История мукомольного производства. Статистика мукомольного производства. Хлебное зерно. Хранение зерна. Сушка зерна
|f Н. П. Мельников
|
| 210 |
|
|
|a Санкт-Петербург
|c Издание редакции журнала "Технический сборник"
|d 1880
|
| 215 |
|
|
|a 135 с.
|c ил.
|
| 225 |
1 |
|
|a Мукомольное дело
|v № 38
|
| 300 |
|
|
|a Текст в русской дореформенной орфографии
|
| 300 |
|
|
|a Дозволено цензурою. С.-Петербург, 11-го сентября 1880 г.
|
| 316 |
|
|
|5 63413507: 37//29
|a На титульном листе надпись: "Кузнец."
|
| 316 |
|
|
|5 63413507: 37//29
|a На форзаце владельческий экслибрис Библиотеки ТТИ
|
| 317 |
|
|
|5 63413507: 37//29
|a Поступил в НТБ в 1901 г. в дар от красноярского мецената А. П. Кузнецова в составе книжной коллекции
|
| 606 |
1 |
|
|a Мукомольно-крупяная промышленность
|2 stltpush
|3 (RuTPU)RU\TPU\subj\33656
|9 55830
|
| 610 |
1 |
|
|a руководства
|
| 610 |
1 |
|
|a мукомольные мельницы
|
| 610 |
1 |
|
|a мукомольное производство
|
| 610 |
1 |
|
|a история
|
| 610 |
1 |
|
|a статистика
|
| 610 |
1 |
|
|a хлебные зерна
|
| 610 |
1 |
|
|a хранение
|
| 610 |
1 |
|
|a сушка
|
| 610 |
1 |
|
|a Коллекция А. П. Кузнецова
|
| 610 |
1 |
|
|a владельческие подписи
|
| 610 |
1 |
|
|a владельческие знаки
|
| 675 |
|
|
|a 664
|v 3
|
| 700 |
|
1 |
|a Мельников
|b Н. П.
|
| 801 |
|
1 |
|a RU
|b 63413507
|c 20160516
|
| 801 |
|
2 |
|a RU
|b 63413507
|c 20210819
|g RCR
|
| 942 |
|
|
|c BK
|